| 000 | 00514nam a2200193 a 4500 | ||
|---|---|---|---|
| 001 | 1756186512406 | ||
| 003 | YourLibrary | ||
| 005 | 20250826120641.0 | ||
| 008 | 250826s2008##################000#0#eng## | ||
| 020 | _a9781603200240 | ||
| 082 | 0 | 4 |
_a070.449796 _bSMI |
| 100 | 1 |
_aSmith, Gary, _eauthor. |
|
| 245 | 1 | 0 | _aSports Illustrated: Going Deep : |
| 260 |
_bSports Illustrated, _c2008. |
||
| 300 | _a416 pages | ||
| 650 | 0 | _aSports & Recreation. | |
| 942 | _cENGLISH | ||
| 040 |
_aYourLibrary _beng _cYourLibrary |
||
| 999 |
_c584083 _d584083 |
||